000 00976nam a2200265 i 4500
001 43290
003 ES-MaACL
005 20250828063241.0
007 t|
008 190604s1962 sp ||||1| spa d
017 _aM 7049-1962
_bOficina Depósito Legal Madrid
080 _a347.961(460)
245 0 0 _aCentenario de la Ley del Notariado.
_nSección segunda,
_pEstudios de derecho notarial.
_nVolumen I
260 _aMadrid :
_bInstituto de Estudios Reus,
_c1962
300 _a750 páginas ;
_c24 cm
594 _aPrecede al título: Junta de Decanos de los Colegios Notariales de España
650 4 _aDerecho notarial-
_zEspaña
_911745
650 4 _aNotariado-
_zEspaña
_9145428
710 2 _aJunta de Decanos de los Colegios Notariales de España
_eisb
_95388
710 2 _aInstituto Editorial Reus
_eedt
_9159117
852 4 _aES-MaACL
_cDEPO2
_jL-32378
942 _2udc
_cMONOGRAFIA
_n0
999 _c43290
_d43290